Statistiche per Maggior numero di Hat Trick in Formula 1

Clicka qui per fare il quiz!

Statistiche generali

  • Questo quiz è stato fatto 8 volte
  • Il punteggio medio è 11 su 15

Statistiche sulle risposte

NazioneHat trick consecutiviPilota% Corretto
Italia4Alberto Ascari
100%
Italia2Alberto Ascari
100%
Spagna2Fernando Alonso
80%
Australia2Jack Brabham
80%
Paesi Bassi2Max Verstappen
80%
Paesi Bassi2Max Verstappen
80%
Finlandia2Mika Häkkinen
80%
Finlandia2Mika Häkkinen
80%
Germania2Sebastian Vettel
80%
Regno Unito2Jim Clark
60%
Regno Unito2Jim Clark
60%
Germania2Michael Schumacher
60%
Regno Unito2Nigel Mansell
60%
Brasile2Felipe Massa
40%
Francia2Jacques Laffite
20%

Distribuzione punteggi

Percentile per numero di risposta

Percentuale di utenti per punteggio

I tuoi punteggi nel tempo

Non hai fatto questo quiz